[Event "Novokuznetsk SFO-ch U17"]
[Site "Novokuznetsk"]
[Date "2014.11.04"]
[Round "3"]
[White "Mazhitov, Danis"]
[Black "Kharchenko, Alexey"]
[Result "0-1"]
[WhiteElo "1928"]
[BlackElo "2149"]
[PlyCount "88"]
[EventDate "2014.11.02"]
[EventType "swiss"]
[EventRounds "9"]
[EventCountry "RUS"]
[SourceTitle "CBM 163 Extra"]
[Source "ChessBase"]
[SourceDate "2014.12.23"]
[SourceVersion "1"]
[SourceVersionDate "2014.12.23"]
[SourceQuality "1"]

1. e4 c5 2. d4 cxd4 3. c3 Nf6 4. Bc4 Nxe4 5. Bxf7+ Kxf7 6. Qh5+ g6 7. Qd5+ e6 8. Qxe4 Bg7 9. cxd4 d5 10. Qf4+ Qf6 11. Qc7+ Bd7 12. Ne2 Rc8 13. Qxb7 Qe7 14. 0-0 Nc6 15. Bg5 Qxg5 16. Qxd7+ Qe7 17. Qxe7+ Kxe7 18. Nbc3 Nxd4 19. Nf4 Rab8 20. Rac1 Bh6 21. Rcd1 Bg7 22. Rfe1 Kd6 23. Rc1 Bh6 24. Rcd1 Bxf4 25. Rxd4 Be5 26. Rh4 Rxb2 27. Nd1 Rb1 28. Rf1 d4 29. Rh3 Rcc1 30. Rd3 Kc5 31. g3 Kc4 32. Rd2 Bd6 33. Kg2 Bb4 34. Nb2+ Kc3 35. Rxc1+ Rxc1 36. Re2 d3 37. Nxd3 Kxd3 38. Rxe6 Rc2 39. a3 Bc5 40. Rf6 Ra2 41. Rf7 Rxa3 42. Rxh7 Ra2 43. Rf7 a5 44. Rf6 Rxf2+ 0-1